000
00294nam a22001217a 4500
008
230620b xxu||||| |||| 00| 0 eng d
082
_a
324.67
_b
ECK
100
_c
ECK
245
_a
Voter Education
_b
Curriculum Methodologies 1999
260
_a
Kenya
_b
ECK
_c
1999
300
_a
23p
942
_2
ddc
_c
BK
999
_c
1814
_d
1814